Gaming Quiz

Random Gaming Quiz

MKX Skins Quiz Stats

Quiz not verified by Sporcle

Challenge
Share
Tweet
Embed
Score 0/22 Timer 10:00
0 Plays Today
Skin Name Kharacter % Correct
Shirai RyuTakeda
92.1%
FarmerJax
89.5%
Dark EmpressKitana
86.8%
InjusticeScorpion
84.2%
Blue SteelSub-Zero
84.2%
KrakenReptile
84.2%
Ninja MimeJohnny Cage
81.6%
Kytinn QueenD'Vorah
78.9%
Osh-Tekk WarriorKotal Kahn
78.9%
Master & ServantFerra & Torr
78.9%
Boot CampJacqui Briggs
76.3%
Skin Name Kharacter % Correct
PharaohErmac
76.3%
FutureRaiden
76.3%
EnduranceCassie Cage
73.7%
MotherlandSonya Blade
73.7%
RoninKenshi
73.7%
OutcastErron Black
71.1%
Dark EmperorLiu Kang
68.4%
ShadowKung Jin
65.8%
KahnumMileena
63.2%
WrathfulShinnok
63.2%
RevolutionKano
60.5%

You're not logged in!

Compare scores with friends on all Sporcle quizzes.
Sign Up with Email
OR
Log In

You Might Also Like...

Show Comments

Extras

Top Quizzes Today


Score Distribution

Your Account Isn't Verified!

In order to create a playlist on Sporcle, you need to verify the email address you used during registration. Go to your Sporcle Settings to finish the process.